[Event "Llinars del Valles op-B 13th"]
[Site "Llinars del Valles"]
[Date "2019.03.30"]
[Round "1"]
[White "Pujol Gaja, Joan"]
[Black "Altomonte Castilla, Alex"]
[Result "1-0"]
[WhiteElo "1640"]
[BlackElo "1333"]
[PlyCount "52"]
[EventDate "2019.03.30"]
[EventType "swiss"]
[EventRounds "8"]
[EventCountry "ESP"]
[SourceTitle "EXT 2020"]
[Source "ChessBase"]
[SourceDate "2019.10.17"]
[SourceVersion "1"]
[SourceVersionDate "2019.10.17"]
[SourceQuality "1"]

1. d4 Nf6 2. c4 g6 3. Nc3 d5 4. cxd5 Nxd5 5. Nxd5 Qxd5 6. Nf3 Bg7 7. e3 Nc6 8. Bd3 0-0 9. e4 Qd6 10. e5 Qd5 11. Be3 Bg4 12. Be2 Rad8 13. 0-0 f6 14. Qa4 Kh8 15. Bc4 Qd7 16. e6 Bxe6 17. d5 Bxd5 18. Rad1 Qe6 19. Bxd5 Rxd5 20. Qb3 Rfd8 21. Rxd5 Qxd5 22. Qxb7 Rb8 23. Qa6 Rxb2 24. Rc1 Nd8 25. Qxa7 Bf8 26. Qa4 c6 1-0

[Event "Montcada op-C 25th"]
[Site "Montcada"]
[Date "2017.07.01"]
[Round "7"]
[White "Pujol Gaja, Joan"]
[Black "Villa Cardenas, Jorge"]
[Result "0-1"]
[WhiteElo "1710"]
[BlackElo "1672"]
[PlyCount "66"]
[EventDate "2017.06.26"]
[EventType "swiss"]
[EventRounds "9"]
[EventCountry "ESP"]
[SourceTitle "EXT 2018"]
[Source "ChessBase"]
[SourceDate "2017.10.13"]
[SourceVersion "1"]
[SourceVersionDate "2017.10.13"]
[SourceQuality "1"]

1. d4 d5 2. c4 e6 3. Nc3 Nf6 4. Bg5 Be7 5. Nf3 0-0 6. e3 a6 7. cxd5 exd5 8. Bd3 Nbd7 9. 0-0 Re8 10. Rc1 Nf8 11. Re1 c6 12. h3 Be6 13. Bb1 h6 14. Bh4 Rc8 15. Ne5 N6h7 16. Bxe7 Rxe7 17. Qh5 Nf6 18. Qd1 Rec7 19. Ne2 N6d7 20. Nf4 Nxe5 21. Nxe6 Nxe6 22. dxe5 Qh4 23. f4 Rd8 24. Qc2 Nf8 25. Rf1 d4 26. Rcd1 dxe3 27. Rxd8 Qxd8 28. Rd1 Rd7 29. Rxd7 Qxd7 30. Qd3 Qd5 31. Kf1 Qc5 32. Bc2 Ne6 33. Ke2 Nxf4+ 0-1

[Event "Montcada op-C 25th"]
[Site "Montcada"]
[Date "2017.06.30"]
[Round "5"]
[White "Pujol Gaja, Joan"]
[Black "Fasheh Braud, Ivan Wael"]
[Result "1-0"]
[WhiteElo "1710"]
[BlackElo "1586"]
[PlyCount "23"]
[EventDate "2017.06.26"]
[EventType "swiss"]
[EventRounds "9"]
[EventCountry "ESP"]
[SourceTitle "EXT 2018"]
[Source "ChessBase"]
[SourceDate "2017.10.13"]
[SourceVersion "1"]
[SourceVersionDate "2017.10.13"]
[SourceQuality "1"]

1. d4 d5 2. c4 c6 3. Nc3 Bf5 4. Nf3 e6 5. a3 Be7 6. e3 Nf6 7. Bd3 Bxd3 8. Qxd3 Nbd7 9. 0-0 0-0 10. Re1 Re8 11. c5 b6 12. b4 1-0

[Event "Llinars del Valles op-B 10th"]
[Site "Llinars del Valles"]
[Date "2016.04.30"]
[Round "5"]
[White "Soler Colomer, Joan"]
[Black "Pujol Gaja, Joan"]
[Result "1-0"]
[WhiteElo "1541"]
[BlackElo "1729"]
[PlyCount "39"]
[EventDate "2016.04.02"]
[EventType "swiss"]
[EventRounds "9"]
[EventCountry "ESP"]
[SourceTitle "CBM 172 Extra"]
[Source "ChessBase"]
[SourceDate "2016.06.21"]
[SourceVersion "1"]
[SourceVersionDate "2016.06.21"]
[SourceQuality "1"]

1. Nf3 d5 2. d4 Nf6 3. g3 c6 4. Bg2 e6 5. a3 Bd6 6. Nc3 0-0 7. 0-0 Re8 8. Bg5 Be7 9. Bxf6 Bxf6 10. e4 dxe4 11. Nxe4 Nd7 12. c3 Nf8 13. Nxf6+ Qxf6 14. Re1 Ng6 15. Qb3 Rb8 16. Qa4 a6 17. Rad1 b5 18. Qc2 Bb7 19. Ne5 Rbc8 20. Nd7 1-0

[Event "Llinars del Valles op-B 10th"]
[Site "Llinars del Valles"]
[Date "2016.04.09"]
[Round "2"]
[White "Pujol Gaja, Joan"]
[Black "Blesa Puig, Pau"]
[Result "1-0"]
[WhiteElo "1729"]
[BlackElo "1406"]
[PlyCount "119"]
[EventDate "2016.04.02"]
[EventType "swiss"]
[EventRounds "9"]
[EventCountry "ESP"]
[SourceTitle "CBM 172 Extra"]
[Source "ChessBase"]
[SourceDate "2016.06.21"]
[SourceVersion "1"]
[SourceVersionDate "2016.06.21"]
[SourceQuality "1"]

1. d4 d5 2. c4 c6 3. Nc3 Nf6 4. Nf3 Bf5 5. e3 e6 6. cxd5 exd5 7. Bd3 Ne4 8. 0-0 Bd6 9. Bxe4 Bxe4 10. Nxe4 dxe4 11. Nd2 Qe7 12. Qg4 0-0 13. Qxe4 Qxe4 14. Nxe4 Be7 15. Ng3 f5 16. Bd2 Nd7 17. Bc3 Rad8 18. Rad1 Nb6 19. Ne2 Nd5 20. Bd2 Bf6 21. a3 Rfe8 22. Nc3 f4 23. Nxd5 Rxd5 24. b4 Bg5 25. exf4 Rxd4 26. Be3 Rxd1 27. Rxd1 Bf6 28. Kf1 a6 29. Rd7 Re7 30. Rd3 Kf7 31. g4 g6 32. g5 Bg7 33. Bc5 Rc7 34. Kg2 Ke6 35. Kf3 Rd7 36. Rxd7 Kxd7 37. h4 b5 38. Kg4 Bb2 39. f5 Ke8 40. fxg6 hxg6 41. h5 gxh5+ 42. Kxh5 Kf7 43. f4 Bxa3 44. g6+ Kg8 45. Bd4 Bxb4 46. f5 Be7 47. f6 Bxf6 48. Bxf6 b4 49. Kg4 a5 50. Kf4 a4 51. Be7 b3 52. Ba3 Kg7 53. Kf5 c5 54. Bxc5 Kg8 55. Ba3 Kg7 56. Bb2+ Kg8 57. Kf6 Kf8 58. g7+ Kg8 59. Ba3 Kh7 60. Kf7 1-0

[Event "Llinars del Valles op-B 9th"]
[Site "Llinars del Valles"]
[Date "2015.06.06"]
[Round "8"]
[White "Pujol Gaja, Joan"]
[Black "Codina Broto, Sergi"]
[Result "1/2-1/2"]
[WhiteElo "1947"]
[BlackElo "1821"]
[PlyCount "116"]
[EventDate "2015.04.11"]
[EventType "swiss"]
[EventRounds "9"]
[EventCountry "ESP"]
[SourceTitle "EXT 2018"]
[Source "ChessBase"]
[SourceDate "2017.10.13"]
[SourceVersion "1"]
[SourceVersionDate "2017.10.13"]
[SourceQuality "1"]

1. d4 e6 2. e4 d5 3. e5 c5 4. c3 Qb6 5. Nf3 Nc6 6. a3 Bd7 7. Be2 cxd4 8. cxd4 Nge7 9. Nc3 Nf5 10. Na4 Qc7 11. Nc3 Be7 12. 0-0 0-0 13. Bd3 Ncxd4 14. Nxd4 Nxd4 15. Bxh7+ Kxh7 16. Qxd4 Kg8 17. Qg4 Qxe5 18. Bh6 Qf6 19. Be3 Bc6 20. Rad1 Qh4 21. Qe2 Bf6 22. f4 Rad8 23. Rf3 Qh5 24. Bd4 Bxd4+ 25. Rxd4 Rfe8 26. Qc2 Qh4 27. Kf1 Qh7 28. f5 Bd7 29. Qf2 exf5 30. Rh3 Qg6 31. Rdh4 f6 32. Rh8+ Kf7 33. Rg3 Qxg3 34. Qxg3 Rxh8 35. Kf2 d4 36. Nd5 d3 37. Nf4 d2 38. Qb3+ Ke8 39. Qe3+ Kf7 40. Qxd2 Rhe8 41. Qd5+ Be6 42. Qxb7+ Re7 43. Qf3 Bc4 44. h3 Rd2+ 45. Kg1 g6 46. Qc3 Rd1+ 47. Kh2 Re4 48. b3 Bf1 49. Qc7+ Re7 50. Qc2 Rd4 51. Qf2 Rd1 52. Qf3 Ree1 53. Qb7+ Re7 54. Qf3 Ree1 55. b4 g5 56. Qb7+ Re7 57. Qf3 Ree1 58. Qh5+ Ke7 1/2-1/2

[Event "Llinars del Valles op-B 8th"]
[Site "Llinars del Valles"]
[Date "2015.05.30"]
[Round "7"]
[White "Bailles Fernandez, Sergi"]
[Black "Pujol Gaja, Joan"]
[Result "1-0"]
[WhiteElo "1836"]
[BlackElo "1947"]
[PlyCount "61"]
[EventDate "2015.04.11"]
[EventType "swiss"]
[EventRounds "9"]
[EventCountry "ESP"]
[SourceTitle "EXT 2016"]
[Source "ChessBase"]
[SourceDate "2015.10.08"]
[SourceVersion "1"]
[SourceVersionDate "2015.10.08"]
[SourceQuality "1"]

1. e4 c5 2. Nf3 Nc6 3. d4 cxd4 4. Nxd4 e5 5. Nf3 Nf6 6. Nc3 Bb4 7. Bg5 Bxc3+ 8. bxc3 Qa5 9. Bd3 Qxc3+ 10. Nd2 Nb4 11. 0-0 Nxd3 12. cxd3 Qxd3 13. Bxf6 gxf6 14. Re1 d5 15. Re3 Qd4 16. exd5 Qxd5 17. Qc2 Rg8 18. Ne4 Ke7 19. Rd1 Qc6 20. Rc3 Qb5 21. Rc7+ Bd7 22. Nc3 Qc6 23. Rxc6 Bxc6 24. g3 Bf3 25. Rd2 Rac8 26. Qb3 Kf8 27. Rd7 Bh5 28. h4 Rg4 29. Nd5 Kg7 30. Ne3 Rd4 31. Nf5+ 1-0

[Event "Llinars del Valles op-B 8th"]
[Site "Llinars del Valles"]
[Date "2015.05.09"]
[Round "5"]
[White "Melero Escude, Oriol"]
[Black "Pujol Gaja, Joan"]
[Result "0-1"]
[WhiteElo "1843"]
[BlackElo "1947"]
[PlyCount "66"]
[EventDate "2015.04.11"]
[EventType "swiss"]
[EventRounds "9"]
[EventCountry "ESP"]
[SourceTitle "EXT 2016"]
[Source "ChessBase"]
[SourceDate "2015.10.08"]
[SourceVersion "1"]
[SourceVersionDate "2015.10.08"]
[SourceQuality "1"]

1. e4 c5 2. Nf3 Nc6 3. d4 cxd4 4. Nxd4 e5 5. Nf3 Nf6 6. Nc3 Bb4 7. Bd2 Bxc3 8. Bxc3 Nxe4 9. Bxe5 Nxe5 10. Nxe5 Qa5+ 11. c3 Qxe5 12. Qe2 Qe6 13. f3 Nf6 14. Qxe6+ fxe6 15. 0-0-0 0-0 16. Bb5 a6 17. Ba4 b5 18. Bb3 Bb7 19. Rhe1 Bd5 20. Bc2 Rac8 21. a3 a5 22. a4 b4 23. Re3 bxc3 24. bxc3 Rc7 25. g4 Bb7 26. Bb3 Nd5 27. Bxd5 Bxd5 28. Rdd3 Rc4 29. Kd2 Rxa4 30. Ke1 Ra2 31. h4 Rb8 32. Rd4 Rbb2 33. f4 Rh2 0-1

[Event "Llinars del Valles op-B 8th"]
[Site "Llinars del Valles"]
[Date "2014.05.03"]
[Round "2"]
[White "Pujol Gaja, Joan"]
[Black "Salinas Duffo, Gaspar"]
[Result "1-0"]
[WhiteElo "1973"]
[BlackElo "1700"]
[PlyCount "37"]
[EventDate "2014.04.26"]
[EventType "swiss"]
[EventRounds "8"]
[EventCountry "ESP"]
[SourceTitle "EXT 2015"]
[Source "ChessBase"]
[SourceDate "2014.11.20"]
[SourceVersion "1"]
[SourceVersionDate "2014.11.20"]
[SourceQuality "1"]

1. d4 d5 2. c4 dxc4 3. e3 Nf6 4. Bxc4 e6 5. Nf3 Bd6 6. Nc3 Bb4 7. 0-0 0-0 8. Re1 Nc6 9. e4 Bxc3 10. bxc3 Na5 11. Bd3 Re8 12. Bg5 b6 13. e5 h6 14. Bh4 g5 15. Nxg5 hxg5 16. Bxg5 Qd5 17. Bxf6 Nc4 18. Qg4+ Kf8 19. Qg7# 1-0

[Event "Llinars del Valles op-B 7th"]
[Site "Llinars del Valles"]
[Date "2013.05.25"]
[Round "6"]
[White "Hernandez Martinez, Carlos"]
[Black "Pujol Gaja, Joan"]
[Result "1/2-1/2"]
[WhiteElo "1678"]
[BlackElo "1711"]
[PlyCount "62"]
[EventDate "2013.04.13"]
[EventType "swiss"]
[EventRounds "7"]
[EventCountry "ESP"]
[SourceTitle "CBM 154 Extra"]
[Source "ChessBase"]
[SourceDate "2013.06.25"]
[SourceVersion "2"]
[SourceVersionDate "2013.06.25"]
[SourceQuality "1"]

1. f4 e5 2. fxe5 d6 3. exd6 Bxd6 4. Nf3 g5 5. g3 g4 6. Nh4 Ne7 7. e4 Ng6 8. Ng2 h5 9. d4 h4 10. gxh4 Nxh4 11. e5 Nxg2+ 12. Bxg2 Qh4+ 13. Ke2 Be7 14. Bf4 Bd7 15. Nc3 Nc6 16. d5 Na5 17. Qd4 c5 18. Qf2 Qh5 19. Bg3 0-0-0 20. b3 f5 21. e6 Be8 22. d6 Bxd6 23. Bxd6 g3+ 24. Qf3 Rxd6 25. hxg3 Rxe6+ 26. Kf2 Qxf3+ 27. Bxf3 Reh6 28. Nd5 Nc6 29. Ne3 Nd4 30. Bg2 Bd7 31. c3 Nc6 1/2-1/2

[Event "Llinars del Valles op-B 7th"]
[Site "Llinars del Valles"]
[Date "2013.04.27"]
[Round "3"]
[White "Pujol Gaja, Joan"]
[Black "Oliana Rectoret, Pere"]
[Result "1-0"]
[WhiteElo "1711"]
[BlackElo "1614"]
[PlyCount "65"]
[EventDate "2013.04.13"]
[EventType "swiss"]
[EventRounds "7"]
[EventCountry "ESP"]
[SourceTitle "CBM 154 Extra"]
[Source "ChessBase"]
[SourceDate "2013.06.25"]
[SourceVersion "2"]
[SourceVersionDate "2013.06.25"]
[SourceQuality "1"]

1. d4 d5 2. c4 e6 3. Nc3 Nf6 4. Bg5 Be7 5. e3 0-0 6. Nf3 h6 7. Bf4 c5 8. Bd3 a6 9. 0-0 Nc6 10. Rc1 cxd4 11. exd4 Nb4 12. Bb1 dxc4 13. a3 Nc6 14. Re1 Nd5 15. Nxd5 exd5 16. Qc2 f5 17. Re2 Bd6 18. Qd2 Qf6 19. Rce1 Bd7 20. Ne5 Rad8 21. Nxd7 Rxd7 22. Re6 Bxf4 23. Qxf4 Qxd4 24. Qg3 Qg4 25. Qc3 Qd4 26. Qg3 Qg4 27. Qc3 Qg5 28. g3 Re7 29. h4 Qg4 30. Rxe7 Nxe7 31. Rxe7 f4 32. Qc2 f3 33. Qh7# 1-0

[Event "Castell de Tona op 2nd"]
[Site "Castell de Tona"]
[Date "2012.12.08"]
[Round "5"]
[White "Crusats Mir, Josep"]
[Black "Pujol Gaja, Joan"]
[Result "0-1"]
[WhiteElo "1844"]
[BlackElo "1920"]
[PlyCount "42"]
[EventDate "2012.12.06"]
[EventType "swiss"]
[EventRounds "6"]
[EventCountry "ESP"]
[SourceTitle "EXT 2014"]
[Source "ChessBase"]
[SourceDate "2013.11.20"]
[SourceVersion "1"]
[SourceVersionDate "2013.11.20"]
[SourceQuality "1"]

1. d4 d5 2. c4 e6 3. c5 Nc6 4. Nf3 Nf6 5. Bg5 Be7 6. Nc3 0-0 7. e3 a6 8. a3 h6 9. Bf4 Nh5 10. Bg3 Nxg3 11. hxg3 b6 12. b4 bxc5 13. bxc5 Rb8 14. Rb1 Rxb1 15. Qxb1 e5 16. Qb3 exd4 17. exd4 Bf6 18. Qxd5 Qe7+ 19. Ne2 Nxd4 20. Nfxd4 Rd8 21. Nc6 Bc3+ 0-1

[Event "Llinars del Valles op-B 6th"]
[Site "Llinars del Valles"]
[Date "2012.04.14"]
[Round "1"]
[White "Pujol Gaja, Joan"]
[Black "Manjon Domenech, Francisco"]
[Result "1-0"]
[WhiteElo "1746"]
[BlackElo "1452"]
[PlyCount "85"]
[EventDate "2012.04.14"]
[EventType "swiss"]
[EventRounds "9"]
[EventCountry "ESP"]
[SourceTitle "EXT 2013"]
[Source "ChessBase"]
[SourceDate "2012.11.22"]
[SourceVersion "1"]
[SourceVersionDate "2012.11.22"]
[SourceQuality "1"]

1. d4 c5 2. d5 c4 3. e4 b5 4. a4 Ba6 5. axb5 Bxb5 6. Nc3 Ba6 7. b3 Qc7 8. Bb2 Nf6 9. Nf3 g6 10. e5 Ng4 11. Qd4 Nh6 12. e6 f6 13. bxc4 dxe6 14. Bd3 e5 15. Qe4 Qb7 16. Rb1 Nd7 17. Ba3 f5 18. Qe2 Qc7 19. d6 exd6 20. Nd5 Qd8 21. Bc1 e4 22. Nd4 Nc5 23. Ba3 Bg7 24. Bxc5 dxc5 25. Nc6 Qd6 26. Bxe4 0-0 27. Nce7+ Kh8 28. Bd3 Rae8 29. 0-0 Ng4 30. Rfe1 Ne5 31. f4 Nxd3 32. Qxd3 Qd7 33. Re2 Rf7 34. Rbe1 Bd4+ 35. Kf1 Kg7 36. Re6 Bb7 37. Nxf5+ Rxf5 38. Rxe8 Rf7 39. R8e7 Qf5 40. Rxf7+ Qxf7 41. Re7 Bxd5 42. Rxf7+ Kxf7 43. cxd5 1-0

[Event "Vic op 31st"]
[Site "Vic"]
[Date "2011.11.29"]
[Round "6"]
[White "Pujol Gaja, Joan"]
[Black "Urena Casacuberta, Lluis"]
[Result "0-1"]
[WhiteElo "1678"]
[BlackElo "1928"]
[PlyCount "82"]
[EventDate "2011.10.18"]
[EventType "swiss"]
[EventRounds "8"]
[EventCountry "ESP"]
[SourceTitle "EXT 2013"]
[Source "ChessBase"]
[SourceDate "2012.11.22"]
[SourceVersion "1"]
[SourceVersionDate "2012.11.22"]
[SourceQuality "1"]

1. d4 c5 2. d5 Nf6 3. c4 g6 4. Nc3 Bg7 5. e4 d6 6. f4 0-0 7. Nf3 e6 8. Bd3 exd5 9. cxd5 Re8 10. 0-0 Nbd7 11. Qc2 Nb6 12. b3 Bg4 13. Bb2 Rc8 14. Rae1 c4 15. bxc4 Nxc4 16. Ba1 Qb6+ 17. Kh1 Ne3 18. Na4 Nxc2 19. Nxb6 Nxe1 20. Nxc8 Nxd3 21. Nxd6 Re7 22. h3 Bxf3 23. Rxf3 Nc5 24. e5 Nxd5 25. Ra3 Nxf4 26. Rxa7 Bxe5 27. Ra8+ Kg7 28. Ne8+ Rxe8 29. Rxe8 Bxa1 30. a4 Nfe6 31. a5 h5 32. Rc8 h4 33. Kg1 Bc3 34. Kf2 Bxa5 35. Ra8 Bc7 36. Ra1 b5 37. Rb1 b4 38. Kf3 b3 39. Kg4 Kh6 40. Kxh4 f5 41. g4 g5# 0-1

[Event "Vic op 31st"]
[Site "Vic"]
[Date "2011.11.15"]
[Round "4"]
[White "Pujol Gaja, Joan"]
[Black "Parramon Arimany, Marc"]
[Result "1/2-1/2"]
[WhiteElo "1678"]
[BlackElo "1924"]
[PlyCount "30"]
[EventDate "2011.10.18"]
[EventType "swiss"]
[EventRounds "8"]
[EventCountry "ESP"]
[SourceTitle "EXT 2013"]
[Source "ChessBase"]
[SourceDate "2012.11.22"]
[SourceVersion "1"]
[SourceVersionDate "2012.11.22"]
[SourceQuality "1"]

1. d4 d5 2. c4 c6 3. Nc3 Nf6 4. Bg5 Nbd7 5. e3 e6 6. Nf3 Bd6 7. Bd3 0-0 8. Qc2 Qe8 9. Bxf6 Nxf6 10. Ne5 dxc4 11. Bxc4 b5 12. Bd3 Bb7 13. 0-0 a6 14. Ne4 Nxe4 15. Bxe4 h6 1/2-1/2

[Event "Llinars del Valles op-B 5th"]
[Site "Llinars del Valles"]
[Date "2011.06.04"]
[Round "7"]
[White "Pujol Gaja, Joan"]
[Black "Lopez Pajuelo, Aleix"]
[Result "0-1"]
[WhiteElo "1669"]
[BlackElo "1743"]
[PlyCount "92"]
[EventDate "2011.04.30"]
[EventType "swiss"]
[EventRounds "7"]
[EventCountry "ESP"]
[SourceTitle "EXT 2012"]
[Source "ChessBase"]
[SourceDate "2011.11.24"]
[SourceVersion "1"]
[SourceVersionDate "2011.11.24"]
[SourceQuality "1"]

1. d4 Nf6 2. c4 e5 3. d5 Bc5 4. Nc3 0-0 5. e3 c6 6. d6 Re8 7. a3 a5 8. Na4 Ba7 9. c5 b5 10. cxb6 Bxb6 11. Qb3 Ba7 12. Bc4 Rf8 13. Nf3 e4 14. Ng5 Qe8 15. 0-0 h6 16. Nh3 Qe5 17. Nf4 Qxd6 18. Rd1 Qe7 19. Ng6 Qd8 20. Nxf8 Qxf8 21. Bd2 d5 22. Be2 Qd6 23. Bc3 Nbd7 24. Bxf6 Nxf6 25. Rac1 Ng4 26. Bxg4 Bxg4 27. Qb7 Bb8 28. g3 Ra7 29. Qb6 Bxd1 30. Rxd1 Qc7 31. Qc5 Qd6 32. Qb6 Re7 33. Rc1 Qc7 34. Qa6 Re6 35. Rc5 Kh7 36. Rxa5 c5 37. Qa8 Rc6 38. Rb5 Qd7 39. Qxb8 Qg4 40. Qf4 Qd1+ 41. Kg2 Rf6 42. Qe5 Qf3+ 43. Kh3 Rf5 44. Qxf5+ Qxf5+ 45. g4 Qf3+ 46. Kh4 g5+ 0-1